| 000 | 01507nam a2200229Ia 4500 | ||
|---|---|---|---|
| 003 | Ost | ||
| 005 | 20260507075721.0 | ||
| 008 | 260507s9999||||xx |||||||||||||| ||und|| | ||
| 020 | _a9789931748861 | ||
| 040 | _cfsecg | ||
| 041 | _aara | ||
| 082 | _a658.8 | ||
| 100 |
_aنايلي، إلهام _eمؤلف |
||
| 245 | 0 |
_aمبادئ التسويق / _c إلهام نايلي |
|
| 260 |
_aالجزائر: _bدار الباحث للنشر والاشهار, _c2022 |
||
| 300 |
_a290 صفحة؛ _bإيضاحات ؛ _c24 سم |
||
| 504 | _aمراجع ص.266 | ||
| 520 | _aمدخل إلى التسويق، مفهومه وأهميته، ومراحل تطور المفهوم التسويقي،كذلك البيئة التسويقيةمفهومها،ومكوناتها، بالاضافة لسلوك المستهلكماهيته والعوامل المؤثرة عليه، مع اتخاذ قرار الشراء، أيضا دراسة السوقمع أنواعه وتجزئتهواستراتيجيات التعامل مع السوق المستهدف،وبحوث التسويقوأهمية القيام بها كذلك أهدافها وأنواعها،ثم المزيج التسويقي بما فيه المنتج، السعر،التوزيع، الاتصال التسويقي، وأخيرا مجالات تطبيق التسويق،التسويق الصناعي، والدولي. | ||
| 653 | _aالتسويق | ||
| 700 |
_aابن سيرود، فاطيمة الزهراء _eمؤلف ثانوي |
||
| 942 | _cكتاب | ||
| 999 |
_c45943 _d45943 |
||